000 00777cam a2200289 4500
001 ABS67708
008 040507n2004 000 0 eng u
035 _a(Sirsi) u126132
245 _aRegional survey: East Midlands
260 _c2004
490 _aProperty Week
_v69(13) 26 March 2004, 45-70(10)
590 _aABS
590 _aABS
650 _aEAST MIDLANDS
650 _aNORTHAMPTONSHIRE
650 _aKETTERING
650 _aNOTTINGHAM
650 _aDERBY
650 _aREGENERATION
650 _aOFFICE MARKET
650 _aINDUSTRIAL MARKET
650 _aPROPERTY-COMMERCIAL PROPERTY-RETAIL PROPERTY-RETAIL PROPERTY MARKET
650 _aEU LEGISLATION
650 _aMOTORSPORT INDUSTRY
690 _aCOMMERCIAL PROPERTY-MARKET
942 _n0
999 _c117316
_d117316